<?xml version="1.0" encoding="UTF-8"?>
<record
    xmlns:xsi="http://www.w3.org/2001/XMLSchema-instance"
    xsi:schemaLocation="http://www.loc.gov/MARC21/slim http://www.loc.gov/standards/marcxml/schema/MARC21slim.xsd"
    xmlns="http://www.loc.gov/MARC21/slim">

  <leader>00590cam a22001931  4500</leader>
  <controlfield tag="001">ne 63000167 </controlfield>
  <controlfield tag="003">DLC</controlfield>
  <controlfield tag="005">20260227111740.0</controlfield>
  <controlfield tag="008">821209s1962    ua a          000 1 ararc</controlfield>
  <datafield tag="010" ind1=" " ind2=" ">
    <subfield code="a">ne 63000167 </subfield>
  </datafield>
  <datafield tag="035" ind1=" " ind2=" ">
    <subfield code="a">(OCoLC)9035984</subfield>
  </datafield>
  <datafield tag="040" ind1=" " ind2=" ">
    <subfield code="a">Princeton Univ. Libr.</subfield>
    <subfield code="c">WaU</subfield>
    <subfield code="d">WaU</subfield>
    <subfield code="d">DLC</subfield>
  </datafield>
  <datafield tag="042" ind1=" " ind2=" ">
    <subfield code="a">premarc</subfield>
  </datafield>
  <datafield tag="050" ind1="0" ind2="0">
    <subfield code="a">PJ7814.Y93</subfield>
    <subfield code="b">M5</subfield>
  </datafield>
  <datafield tag="100" ind1="1" ind2=" ">
    <subfield code="a">&#x2BB;Ayy&#x101;d, Shukr&#x12B; Mu&#x1E25;ammad.</subfield>
  </datafield>
  <datafield tag="245" ind1="1" ind2="0">
    <subfield code="a">M&#x12B;l&#x101;d jad&#x12B;d,</subfield>
    <subfield code="b">qi&#x1E63;as.</subfield>
    <subfield code="c">[Ta&#x2BC;l&#x12B;f] Shukr&#x12B; Mu&#x1E25;ammad &#x2BB;Ayy&#x101;d.</subfield>
  </datafield>
  <datafield tag="260" ind1=" " ind2=" ">
    <subfield code="a">al-Q&#x101;hirah,</subfield>
    <subfield code="b">Maktabat al-Q&#x101;hirah al-&#x1E24;ad&#x12B;thah</subfield>
    <subfield code="c">[1962?].</subfield>
  </datafield>
  <datafield tag="300" ind1=" " ind2=" ">
    <subfield code="a">174 p.</subfield>
    <subfield code="b">illus.</subfield>
    <subfield code="c">19 cm.</subfield>
  </datafield>
  <datafield tag="999" ind1=" " ind2=" ">
    <subfield code="c">45479</subfield>
    <subfield code="d">45479</subfield>
  </datafield>
</record>
